Viande Blanche ou Viande Rouge ? - Statistiques

Statistiques générales
  • Ce quiz a été pris 524 fois
  • Le résultat moyen est 14 sur 20
Statistiques - réponses
Hint Réponse % Correct
Poulet Blanche
91%
Sanglier Rouge
90%
Dinde Blanche
89%
Cabillaud Blanche
87%
Sole Blanche
87%
Humain Rouge
81%
Moule Blanche
78%
Cygne Blanche
76%
Chien Rouge
76%
Grenouille Blanche
74%
Poulpe Blanche
73%
Mouton Rouge
67%
Agneau Rouge
65%
Canard Rouge
64%
Lapin Blanche
63%
Thon Rouge
61%
Veau Rouge
56%
Saumon Rouge
53%
Porc Blanche
50%
Maquereau Rouge
16%
Aucun quiz correspondant
Distribution des résultats
% des personnes avec chaque résultat
Percentile par nombre de réponses
Votre historique - résultats
Vous n’avez pas pris ce quiz